Teorie statistiky 1 příklady

Gespeichert in:
Bibliographische Detailangaben
1. Verfasser: Cyhelský, Lubomír
Format: Buch
Sprache:Tschechisch
Veröffentlicht: Praha Vysoká škola ekonomická 1982
Tags: Tag hinzufügen
Keine Tags, Fügen Sie das erste Tag hinzu!

MARC

LEADER 00000nam a2200000 4500
001 c134114
005 20061208110257.2
041 0 |a cze 
044 |a CZ 
245 1 0 |a Teorie statistiky 1  |b příklady  |c Lubomír Cyhelský 
264 1 |a Praha  |b Vysoká škola ekonomická  |c 1982 
300 |a 148 s. 
100 1 |a Cyhelský, Lubomír